Угадай город по снимку с космоса - Statistics

General Stats
  • This quiz has been taken 322 times
  • The average score is 8 of 30
Answer Stats
Picture Answer % Correct
Дубай
86%
Нью-Йорк
70%
Париж
70%
Стамбул
63%
Венеция
61%
Рим
57%
Лондон
51%
Токио
44%
Санкт-Петербург
43%
Монако
38%
Сингапур
33%
Шанхай
28%
Амстердам
24%
Сидней
21%
Сан-Франциско
20%
Торонто
17%
Чикаго
15%
Сиэтл
10%
Неаполь
9%
Буэнос-Айрес
8%
Мекка
8%
Марсель
7%
Детройт
5%
Бостон
5%
Кейптаун
5%
Манила
5%
Гонг Конг
4%
Лагос
4%
Монреаль
3%
Новый Орлеан
3%
No matching quizzes found
Score Distribution
Percent of People with Each Score
Percentile by Number Answered
Your Score History
You have not taken this quiz